Lucha y negociación del FEES 2011-2015 /
Contenido Introducción........................................................2 Resolución Asamblea del SINDEU 30 agosto 2010 ......................4 Cacería de brujas y V Convenio FEES David Morera .......................................................7 ¡Al fin se supo! Helio Gallardo..............
Збережено в:
| Співавтор: | |
|---|---|
| Формат: | Книга |
| Мова: | Spanish |
| Опубліковано: |
San José, Costa Rica:
SINDEU
2010
|
| Теги: |
Додати тег
Немає тегів, Будьте першим, хто поставить тег для цього запису!
|
MARC
| LEADER | 00000nam a22000007a 4500 | ||
|---|---|---|---|
| 003 | cru CIDCACS/IIS | ||
| 005 | 20240711085303.0 | ||
| 008 | 240711b2010 cr ||||| |||| 00| 0 spa d | ||
| 020 | |a [Sin ISBN] | ||
| 040 | |a cru CIDCACS/IIS |b spa |c cru CIDCACS/IIS | ||
| 090 | |a S615l | ||
| 110 | 1 | |a Sindicato de Empleados de la Universidad de Costa Rica (SINDEU) |9 12256 | |
| 245 | 1 | |a Lucha y negociación del FEES 2011-2015 / |c Sindicato de Empleados de la Universidad de Costa Rica |h [impreso] | |
| 260 | |a San José, Costa Rica: |b SINDEU |c 2010 | ||
| 300 | |a 22 páginas | ||
| 520 | 3 | |a Contenido Introducción........................................................2 Resolución Asamblea del SINDEU 30 agosto 2010 ......................4 Cacería de brujas y V Convenio FEES David Morera .......................................................7 ¡Al fin se supo! Helio Gallardo......................................................9 Sobre el FEES: ¿Héroes o villanos? Henry Mora..........................................................10 Capitulación y entrega al BM I José L. Vega........................................................11 Capitulación y entrega al BM II José L. Vega........................................................14 Capitulación y entrega al BM III José L. Vega........................................................16 Capitulación y entrega al BM IV José L. Vega........................................................19 Presupuesto UCR 2011: Los trajes del rey Héctor Monestel.....................................................21 Anexo: Pronunciamento CU sobre acontecimientos 26-08-2010...........22 | |
| 650 | 0 | 7 | |0 TESAUROS |2 TESAUROS |
| 942 | |2 z |c LI |h <script>document.querySelector('[id^="tag_090_subfield_a"]').value</script> |i 11902 |6 SCRIPTDOCUMENTQUERYSELECTORIDTAG_090_SUBFIELD_AVALUESCRIPT_11902 | ||
| 999 | |c 45905 |d 45905 | ||
